| 000 | 01170ngm a22003850a 4500 | ||
|---|---|---|---|
| 001 | PT16715 | ||
| 003 | AR-LpoUNG | ||
| 005 | 20210202000233.0 | ||
| 007 | vd cvaizq | ||
| 008 | 191001s1987||||ag |||||||||||||||||spa d | ||
| 037 | _c$8.30 | ||
| 040 |
_aAR-LpoUNG _bspa _cAR-LpoUNG _eaacr |
||
| 041 | _aspa | ||
| 044 | _aag | ||
| 082 | 0 | _a940.53 636deb | |
| 100 | 1 |
_aDocampo Feijóo, Beda _edir. |
|
| 245 | 1 | 0 |
_aDebajo del mundo : _bel poderoso deseo de sobrevivir |
| 260 |
_aSan Luis : _bAVH, _c[1987]. |
||
| 300 | _aVHS (101 min.) : son., col. | ||
| 505 | 0 | _aFotografía: Frantisek Uldrich ; música: José Luis Castiñeira de Dios. | |
| 520 | _aLa historia se desarrolla en 1941, en la Polonia invadida por los nazis. Allí, una familia busca refugio en un pozo para escapar del ejército alemán. | ||
| 650 | 4 | _aALEMANIA | |
| 650 | 4 | _aCAMPOS DE CONCENTRACION | |
| 650 | 4 | _aGUERRA | |
| 650 | 4 | _aPERSONAS DESPLAZADAS | |
| 650 | 4 | _aPOLONIA | |
| 650 | 4 | _aREFUGIADOS | |
| 650 | 4 | _aVICTIMAS | |
| 651 | 4 | _aPolonia | |
| 653 | _aCINE ARGENTINO | ||
| 653 | _aVIDEOS | ||
| 700 | 1 |
_aStagnaro, Juan Bautista _edir. |
|
| 905 | _a16715 | ||
| 942 | _cVIDEO | ||
| 999 |
_c54411 _d54411 |
||